00722cam a2200217 a 450000100100000000500170001000800410002702000150006804000180008308200180010110000430011924500490016226000310021130000210024265000300026365000320029391000340032504900090035995201210036899900150048900000494320200929151536.0020725s2002 ck 001 p spa  a9583332739 aDO-SdBNPcDLC aC861.6bA472s1 aAlvarado Tenorio, Harold,d1945-9811310aSumma del cuerpo /cHarold Alvarado Tenorio. a[Bogota] :bDeriva,c2002. a163 p. ;c21 cm. 4aPoesía colombiana93742 4aLiteratura colombiana91244 aCatalogación por copia / LC aBNGR 001052708MOaGRbGRcCTd2009-07-27iLF1l0oC861.6 A472sp4943-10r2020-06-25w2020-06-25y2ZPréstamo interno c4749d4749